000 00655nam a2200181Ia 4500
008 090124s9999 xx 000 0 und d
082 _b13661
100 _aमिरजकर एस् . एस् .
245 _a अंधारातून प्रकाशाकडे
250 _a1
260 _bलोकवाड्.मय गृह
_c1980
300 _a223
600 _aमिरजकर एस् . एस् .
630 _a अंधारातून प्रकाशाकडे
700 _aमिरजकर एस् . एस् .
730 _a अंधारातून प्रकाशाकडे
942 _cBOOK
999 _c87657
_d87657